书目信息 |
| 题名: |
日本电影
|
|
| 作者: | 蔡澜 著 ;陈子善 编 | |
| 分册: | ||
| 出版信息: | 济南 山东画报出版社 2016 |
|
| 页数: | 168页 | |
| 开本: | 23cm | |
| 丛书名: | ||
| 单 册: | ||
| 中图分类: | J905.313 | |
| 科图分类: | ||
| 主题词: | 电影评论--dian ying ping lun--日本 | |
| 电子资源: | ||
| ISBN: | 978-7-5474-1894-9 | |
| 000 | 00831nam0 22002411 450 | |
| 001 | 0119171311 | |
| 005 | 20170619171311.0 | |
| 010 | @a978-7-5474-1894-9@dCNY29.80 | |
| 100 | @a20170328d2016 em y0chiy50 ea | |
| 101 | 0 | @achi |
| 102 | @aCN@b370000 | |
| 105 | @aa z 000yy | |
| 106 | @ar | |
| 200 | 1 | @a日本电影@9ri ben dian ying@e蔡澜谈日本@f蔡澜著@g陈子善编 |
| 210 | @a济南@c山东画报出版社@d2016 | |
| 215 | @a168页@c图@d23cm | |
| 330 | @a本书主要内容包括:片冈千惠藏、冈崎宏三、胜新太郎、石原裕次郎、石原慎太郎、梅毒导演、倍赏美津子、问故交、助手、小津安二郎、和田夏十、黑泽明等。 | |
| 606 | 0 | @a电影评论@9dian ying ping lun@y日本 |
| 690 | @aJ905.313@v5 | |
| 701 | 0 | @a蔡澜@9cai lan@f(1941-)@4著 |
| 702 | 0 | @a陈子善@9chen zi shan@f(1948-)@4编 |
| 801 | 0 | @aCN@b百万庄@c20170617 |
| 905 | @b1012467-72@dJ905.313@e329@f6 | |
| 日本电影:蔡澜谈日本/蔡澜著/陈子善编.-济南:山东画报出版社,2016 |
| 168页:图;23cm |
| ISBN 978-7-5474-1894-9:CNY29.80 |
| 本书主要内容包括:片冈千惠藏、冈崎宏三、胜新太郎、石原裕次郎、石原慎太郎、梅毒导演、倍赏美津子、问故交、助手、小津安二郎、和田夏十、黑泽明等。 |
| ● |
| 相关链接 |
|
|
|
|
正题名:日本电影
索取号:J905.313/329
 
预约/预借
| 序号 | 登录号 | 条形码 | 馆藏地/架位号 | 状态 | 备注 |
| 1 | 1012467 | 210124676 | 第一样本阅览室/ [索取号:J905.313/329] | 在馆 | |
| 2 | 1012468 | 210124685 | 教育系资料室/ [索取号:J905.313/329] | 在馆 | |
| 3 | 1012469 | 210124694 | 教育系资料室/ [索取号:J905.313/329] | 在馆 | |
| 4 | 1012470 | 210124701 | 教育系资料室/ [索取号:J905.313/329] | 在馆 | |
| 5 | 1012471 | 210124710 | 第一借阅区/ [索取号:J905.313/329] | 在馆 | |
| 6 | 1012472 | 210124729 | 第一借阅区/ [索取号:J905.313/329] | 在馆 |